Crusades - Statistics

General Stats
  • This quiz has been taken 163 times
  • The average score is 4 of 7
Answer Stats
Hint Answer % Correct
'Holy War' between European Christians and the Muslim Turks. Crusade
92%
What was the symbol of that each Crusader has, sewed to their clothes and flags? Red crosses
90%
How many episodes of Crusades are there? (Not including the Children's Crusade) 9
83%
Who called for the Crusades in 1095? Pope Urban II
83%
What happen to Richard I when he was on the way home? He was kidnapped
16%
Who led the Children's Crusade? (The one leading Northern France) Stephen of Cloyes
7%
Which episode of the Crusades was described as the 'Last Crusade'? Crusade of Nicopolis
2%
No matching quizzes found
Score Distribution
Percent of People with Each Score
Percentile by Number Answered
Your Score History
You have not taken this quiz